La mort de Virgile (Registo nº 200926)
[ vista simples ]
| 000 -Etiqueta do registo | |
|---|---|
| Valores | 00720nam 22002293 4500 |
| 100 ## - Dados gerais de processamento | |
| Dados gerais | 20230120d u||y0pory50 ba |
| 200 ## - Titulo e menção de responsabilidade | |
| Título próprio | La mort de Virgile |
| Primeira menção de responsabilidade | Hermann Broch |
| Outras menções de responsabilidade | traduit de l' allemand par Albert Kohn |
| 210 ## - Publicação | |
| Local de publicação | Paris |
| Nome do editor | Gallimard |
| Data de publicação | cop. 1955 |
| 215 ## - Descrição física | |
| Paginação / Volumes | 444, [4] p. |
| Outras indicações físicas | brochado |
| Dimensões | 21 cm |
| 225 ## - Colecção | |
| Título próprio da colecção | Du Monde Entier |
| Informação de outro título | nrf |
| 300 ## - Notas gerais | |
| Texto da nota | Nota do Prof. Dr. Almeida Faria |
| 606 ## - Nome comum usado como assunto | |
| ID Autoridade | 1113 |
| Palavra de ordem | Literatura Austríaca |
| 610 ## - Termos não controlados | |
| Palavra de ordem | Outras Literaturas |
| 610 ## - Termos não controlados | |
| Palavra de ordem | Em Língua Francesa |
| 675 ## - CDU | |
| Notação | 821.112.2(436)-3 |
| Língua | FR |
| Edição | fre |
| 700 ## - Autor principal (pessoa individual) | |
| ID Autoridade | 1120 |
| Apelido | Broch |
| Nome | Hermann |
| Datas | 1886-1951 |
| 702 ## - Autor secundário (pessoa individual) | |
| ID Autoridade | 16607 |
| Apelido | Kohn |
| Nome | Albert |
| 801 ## - Fonte de origem | |
| País | PT |
| Agência | BMMN |
| Regras de catalogação | RPC |
| 830 ## - Notas gerais do catalogador | |
| Criado por | Ana Falardo |
| Indexado por | Ana Falardo |
| 990 ## - Elementos KOHA | |
| Tipo de documento | Livro |
| Situação do levantamento | Biblioteca de origem | Código de barras | Cota | Permissão de empréstimo | Tipo de documento | Nota relativa ao exemplar | Forma de aquisição |
|---|---|---|---|---|---|---|---|
| Biblioteca Municipal de Montemor-o-Novo | 30187 | 821.112.2(436)-3 BRO|SAF | Livro | Acesso condicionado | Oferta |